000
00207nam a22000977a 4500
999
_c
533528
_d
533528
040
_c
DLC
082
_a
624.068
_b
HAR
100
_a
Harris, Frank
_9
27470
245
_a
Construction Management
942
_2
ddc
_c
BK